NCAA College Mascots: Eagles - Statistics

General Stats
  • This quiz has been taken 38 times
  • The average score is 5 of 16
Answer Stats
Subdivision Team Related Nickname % Correct
FBS Boston College
86%
FBS Southern Miss *Golden Eagles
66%
FCS Morehead State
52%
FBS Eastern Michigan
41%
Non-Football Marquette *Golden Eagles
41%
Non-Football Niagara *Purple Eagles
41%
FCS Eastern Washington
38%
FBS Georgia Southern
38%
Non-Football Southern Indiana *Screaming Eagles
28%
Non-Football Coppin State
17%
FCS NC Central
17%
FCS Tennessee Tech *Golden Eagles
17%
Non-Football Winthrop
17%
Non-Football American
14%
Non-Football FGCU
14%
Non-Football Oral Roberts *Golden Eagles
14%
No matching quizzes found
Score Distribution
Percent of People with Each Score
Percentile by Number Answered
Your Score History
You have not taken this quiz